[Event "Croatian junior league 2021"]
[Site "Rabac"]
[Date "2021.04.10"]
[Round "10.14"]
[White "Klapac, Patrik"]
[Black "Zadro, Matej"]
[Result "0-1"]
[WhiteElo "1780"]
[BlackElo "1742"]
[Annotator "NA RC"]
[PlyCount "97"]
[EventDate "2021.04.06"]
[EventType "swiss"]
[EventCountry "CRO"]
[SourceTitle "playchess.com"]
[Source "ChessBase"]
[SourceQuality "1"]
[TimeControl "5400+30"]

1. e4 {[%emt 0:00:00]} e5 {[%emt 0:02:45]} 2. Nf3 {[%emt 0:00:00]} Nc6 {[%emt 0:00:04]} 3. Bc4 {[%emt 0:00:00]} Nf6 {[%emt 0:00:03]} 4. d3 {[%emt 0:00:00]} h6 {[%emt 0:00:11]} 5. Nc3 {[%emt 0:00:19]} Bc5 {[%emt 0:03:27]} 6. O-O {[%emt 0:01:02]} d6 {[%emt 0:00:40]} 7. h3 {[%emt 0:00:06]} g5 {[%emt 0:02:42]} 8. Kh1 {[%emt 0:58:00]} g4 {[%emt 0:16:05]} 9. Nh2 {[%emt 0:04:00]} gxh3 {[%emt 0:08:58]} 10. g3 {[%emt 0:00:07]} Qe7 {[%emt 0:13:04]} 11. Na4 {[%emt 0:01:37]} Bb6 {[%emt 0:03:31]} 12. Nxb6 {[%emt 0:01:38]} axb6 {[%emt 0:00:02]} 13. Be3 {[%emt 0:00:22]} Be6 {[%emt 0:02:31]} 14. Bxe6 {[%emt 0:01:20]} fxe6 {[%emt 0:00:40]} 15. Qd2 {[%emt 0:01:32]} O-O-O {[%emt 0:03:08]} 16. Bxh6 {[%emt 0:07:03]} Rdg8 {[%emt 0:03:49]} 17. Bg5 {[%emt 0:01:34]} Nxe4 {[%emt 0:01:42]} 18. dxe4 {[%emt 0:00:48]} Rxg5 {[%emt 0:11:38]} 19. c3 {[%emt 0:01:29]} Rgg8 {[%emt 0:04:52]} 20. b4 {[%emt 0:00:13]} Qh7 {[%emt 0:02:13]} 21. Qe2 {[%emt 0:00:09]} Kd7 {[%emt 0:07:21]} 22. Rad1 {[%emt 0:00:28]} Qh5 {[%emt 0:00:32]} 23. Qe3 {[%emt 0:05:30]} Ra8 {[%emt 0:00:27]} 24. Rd2 {[%emt 0:00:53]} Ra3 {[%emt 0:00:32]} 25. Rb1 {[%emt 0:03:52]} Rha8 {[%emt 0:00:15]} 26. g4 {[%emt 0:01:33]} Qf7 {[%emt 0:03:43]} 27. Nf3 {[%emt 0:02:06]} Qf4 {[%emt 0:02:40]} 28. Qxf4 {[%emt 0:02:05]} exf4 {[%emt 0:00:05]} 29. g5 {[%emt 0:00:03]} Rxa2 {[%emt 0:00:34]} 30. Rbd1 {[%emt 0:01:04]} Rxd2 {[%emt 0:00:30]} 31. Rxd2 {[%emt 0:00:04]} Ke7 {[%emt 0:00:26]} 32. Kh2 {[%emt 0:00:26]} Rh8 {[%emt 0:02:09]} 33. Ra2 {[%emt 0:01:03]} Kf7 {[%emt 0:01:10]} 34. Ng1 {[%emt 0:00:55]} Kg6 {[%emt 0:03:51]} 35. Nxh3 {[%emt 0:00:28]} e5 {[%emt 0:00:36]} 36. f3 {[%emt 0:00:12]} Nd8 {[%emt 0:00:20]} 37. Kg2 {[%emt 0:00:22]} Ne6 {[%emt 0:00:20]} 38. Ra7 {[%emt 0:00:25]} Nxg5 {[%emt 0:00:03]} 39. Nxg5 {[%emt 0:00:05]} Kxg5 {[%emt 0:00:03]} 40. Rxb7 {[%emt 0:00:28]} Rh7 {[%emt 0:00:02]} 41. c4 {[%emt 0:00:30]} Kh4 {[%emt 0:01:33]} 42. b5 {[%emt 0:00:37]} Rg7+ {[%emt 0:00:19]} 43. Kf2 {[%emt 0:00:06]} Kh3 {[%emt 0:00:41]} 44. Ra7 {[%emt 0:03:12]} Rg2+ {[%emt 0:00:42]} 45. Kf1 {[%emt 0:00:04]} Kg3 {[%emt 0:00:38]} 46. Rxc7 {[%emt 0:00:12]} Kxf3 {[%emt 0:00:21]} 47. Rc6 {[%emt 0:00:13]} Ra2 {[%emt 0:00:15]} 48. Ke1 {[%emt 0:00:31]} Ke3 {[%emt 0:00:51]} 49. Rc7 {[%emt 0:00:36]} 0-1

[Event "Croatian junior league 2021"]
[Site "Rabac"]
[Date "2021.04.10"]
[Round "10.15"]
[White "Horcicka, Jan"]
[Black "Jakovic, Roko"]
[Result "1/2-1/2"]
[WhiteElo "1698"]
[BlackElo "1846"]
[Annotator "NA RC"]
[PlyCount "114"]
[EventDate "2021.04.06"]
[EventType "swiss"]
[EventCountry "CRO"]
[SourceTitle "playchess.com"]
[Source "ChessBase"]
[SourceQuality "1"]
[TimeControl "5400+30"]

1. e4 {[%emt 0:00:00]} c5 {[%emt 0:00:00]} 2. Nf3 {[%emt 0:00:00]} d6 {[%emt 0:00:02]} 3. d4 {[%emt 0:00:00]} cxd4 {[%emt 0:00:12]} 4. Nxd4 {[%emt 0:00:00]} Nf6 {[%emt 0:00:24]} 5. Nc3 {[%emt 0:00:00]} a6 {[%emt 0:00:08]} 6. Be3 {[%emt 0:00:49]} e5 {[%emt 0:00:34]} 7. Nf3 {[%emt 0:00:56]} Be7 {[%emt 0:01:37]} 8. Bc4 {[%emt 0:00:57]} O-O {[%emt 0:02:28]} 9. O-O {[%emt 0:00:12]} Bg4 {[%emt 0:02:39]} 10. Qe2 {[%emt 0:01:26]} Nbd7 {[%emt 0:02:53]} 11. Rad1 {[%emt 0:00:37]} Qc7 {[%emt 0:03:04]} 12. Bb3 {[%emt 0:06:11]} b5 {[%emt 0:07:36]} 13. a3 {[%emt 0:01:15]} Rad8 {[%emt 0:02:28]} 14. h3 {[%emt 0:05:40]} Bxf3 {[%emt 0:08:10]} 15. Qxf3 {[%emt 0:00:17]} Nc5 {[%emt 0:08:22]} 16. Bd5 {[%emt 0:01:28]} Na4 {[%emt 0:07:50]} 17. Nxa4 {[%emt 0:07:26]} bxa4 {[%emt 0:00:05]} 18. Qe2 {[%emt 0:00:39]} Rb8 {[%emt 0:08:02]} 19. c3 {[%emt 0:02:58]} Nxd5 {[%emt 0:04:23]} 20. Rxd5 {[%emt 0:02:49]} f5 {[%emt 0:09:43]} 21. exf5 {[%emt 0:02:16]} Rxf5 {[%emt 0:00:53]} 22. Qxa6 {[%emt 0:06:31]} Rxb2 {[%emt 0:01:27]} 23. Qxa4 {[%emt 0:00:12]} Rf8 {[%emt 0:01:03]} 24. c4 {[%emt 0:02:53]} Rbb8 {[%emt 0:04:30]} 25. Rc1 {[%emt 0:02:15]} Ra8 {[%emt 0:01:06]} 26. Qb3 {[%emt 0:00:53]} Kh8 {[%emt 0:01:14]} 27. a4 {[%emt 0:10:38]} Ra6 {[%emt 0:04:46]} 28. a5 {[%emt 0:13:43]} Rc6 {[%emt 0:03:19]} 29. Qb5 {[%emt 0:04:05]} Ra8 {[%emt 0:03:53]} 30. Bb6 {[%emt 0:02:32]} Qc8 {[%emt 0:01:35]} 31. Kh2 {[%emt 0:03:48]} h6 {[%emt 0:02:01]} 32. c5 {[%emt 0:07:58]} dxc5 {[%emt 0:03:39]} 33. Bxc5 {[%emt 0:01:33]} Bf6 {[%emt 0:02:17]} 34. Rcd1 {[%emt 0:03:05]} e4 {[%emt 0:01:08]} 35. Bb6 {[%emt 0:01:02]} Qe6 {[%emt 0:00:32]} 36. Bd8 {[%emt 0:06:13]} Kh7 {[%emt 0:03:19]} 37. Bxf6 {[%emt 0:02:42]} Qxf6 {[%emt 0:00:04]} 38. Rf5 {[%emt 0:00:06]} Qg6 {[%emt 0:03:26]} 39. Rd4 {[%emt 0:02:43]} Rca6 {[%emt 0:00:00]} 40. Ra4 {[%emt 0:00:35]} R8a7 {[%emt 0:00:42]} 41. Re5 {[%emt 0:00:34]} Qd6 {[%emt 0:00:00]} 42. Qd5 {[%emt 0:00:30]} Qc7 {[%emt 0:00:00]} 43. Qxe4+ {[%emt 0:00:05]} Rg6 {[%emt 0:00:00]} 44. f4 {[%emt 0:00:49]} Raa6 {[%emt 0:00:00]} 45. f5 {[%emt 0:00:35]} Rgf6 {[%emt 0:00:00]} 46. g3 {[%emt 0:00:26]} Rad6 {[%emt 0:00:00]} 47. Ra2 {[%emt 0:00:18]} Qf7 {[%emt 0:00:32]} 48. Re6 {[%emt 0:00:46]} Kh8 {[%emt 0:00:50]} 49. a6 {[%emt 0:00:26]} Rxf5 {[%emt 0:01:00]} 50. Re8+ {[%emt 0:00:23]} Kh7 {[%emt 0:00:04]} 51. Rf2 {[%emt 0:00:40]} Rdf6 {[%emt 0:00:11]} 52. g4 {[%emt 0:00:32]} Qxe8 {[%emt 0:00:42]} 53. Qxe8 {[%emt 0:00:25]} Rxf2+ {[%emt 0:00:04]} 54. Kg1 {[%emt 0:00:22]} Rf1+ {[%emt 0:00:03]} 55. Kg2 {[%emt 0:00:07]} R6f2+ {[%emt 0:00:28]} 56. Kg3 {[%emt 0:00:06]} Rf3+ {[%emt 0:00:05]} 57. Kg2 {[%emt 0:00:05]} R3f2+ {[%emt 0:00:08]} 1/2-1/2

[Event "Croatian junior league 2021"]
[Site "Rabac"]
[Date "2021.04.10"]
[Round "10.16"]
[White "Veverec, Ivo"]
[Black "Kostic, Lovro"]
[Result "1/2-1/2"]
[WhiteElo "1786"]
[BlackElo "1367"]
[Annotator "NA"]
[PlyCount "69"]
[EventDate "2021.04.06"]
[EventType "swiss"]
[EventCountry "CRO"]
[SourceTitle "playchess.com"]
[Source "ChessBase"]
[SourceQuality "1"]
[TimeControl "5400+30"]

1. e4 {[%emt 0:00:00]} g6 {[%emt 0:00:00]} 2. d4 {[%emt 0:00:00]} Bg7 {[%emt 0:00:04]} 3. Nf3 {[%emt 0:01:19]} d6 {[%emt 0:00:14]} 4. c3 {[%emt 0:00:18]} Nd7 {[%emt 0:01:39]} 5. Bd3 {[%emt 0:03:13]} Ngf6 {[%emt 0:03:23]} 6. O-O {[%emt 0:00:16]} O-O {[%emt 0:00:12]} 7. Re1 {[%emt 0:01:03]} e5 {[%emt 0:00:47]} 8. Nbd2 {[%emt 0:01:21]} Re8 {[%emt 0:03:12]} 9. Nf1 {[%emt 0:02:11]} a6 {[%emt 0:03:26]} 10. Ng3 {[%emt 0:06:56]} b5 {[%emt 0:02:02]} 11. a4 {[%emt 0:01:39]} bxa4 {[%emt 0:02:00]} 12. Rxa4 {[%emt 0:00:36]} d5 {[%emt 0:05:27]} 13. dxe5 {[%emt 0:21:18]} Nxe5 {[%emt 0:01:24]} 14. Nxe5 {[%emt 0:02:00]} Rxe5 {[%emt 0:01:11]} 15. f3 {[%emt 0:06:06]} Bb7 {[%emt 0:11:16]} 16. Bf4 {[%emt 0:13:14]} Re8 {[%emt 0:05:53]} 17. Bc2 {[%emt 0:01:52]} Qe7 {[%emt 0:09:15]} 18. Ra1 {[%emt 0:02:52]} dxe4 {[%emt 0:06:15]} 19. Nxe4 {[%emt 0:00:07]} Nxe4 {[%emt 0:02:15]} 20. Bxe4 {[%emt 0:01:07]} Bxe4 {[%emt 0:01:42]} 21. Rxe4 {[%emt 0:00:07]} Qc5+ {[%emt 0:00:50]} 22. Be3 {[%emt 0:00:33]} Qb5 {[%emt 0:02:49]} 23. Rb4 {[%emt 0:01:30]} Qc6 {[%emt 0:04:40]} 24. Bf2 {[%emt 0:08:45]} a5 {[%emt 0:05:02]} 25. Rb3 {[%emt 0:09:38]} Qc4 {[%emt 0:07:34]} 26. Rba3 {[%emt 0:00:25]} Qe2 {[%emt 0:05:13]} 27. Bg3 {[%emt 0:09:03]} Qxb2 {[%emt 0:02:31]} 28. Rb3 {[%emt 0:00:09]} Qe2 {[%emt 0:00:26]} 29. Qxe2 {[%emt 0:00:34]} Rxe2 {[%emt 0:00:15]} 30. Bxc7 {[%emt 0:00:03]} a4 {[%emt 0:01:10]} 31. Rba3 {[%emt 0:01:43]} Rc2 {[%emt 0:01:48]} 32. Bf4 {[%emt 0:01:57]} Bxc3 {[%emt 0:01:09]} 33. Rxa4 {[%emt 0:01:52]} Rc8 {[%emt 0:01:11]} 34. Rd1 {[%emt 0:00:26]} Bf6 {[%emt 0:01:20]} 35. Ra6 {[%emt 0:00:52]} 1/2-1/2

[Event "Croatian junior league 2021"]
[Site "Rabac"]
[Date "2021.04.10"]
[Round "10.17"]
[White "Jakrlin, Mihael"]
[Black "Begic, Domagoj"]
[Result "1-0"]
[WhiteElo "2106"]
[BlackElo "1706"]
[Annotator "NA"]
[PlyCount "37"]
[EventDate "2021.04.06"]
[EventType "swiss"]
[EventCountry "CRO"]
[SourceTitle "playchess.com"]
[Source "ChessBase"]
[SourceQuality "1"]
[TimeControl "5400+30"]

1. Nf3 {[%emt 0:00:59]} d6 {[%emt 0:00:00]} 2. d4 {[%emt 0:00:06]} g6 {[%emt 0:00:05]} 3. Nc3 {[%emt 0:02:02]} Bg7 {[%emt 0:00:12]} 4. e4 {[%emt 0:00:07]} Nf6 {[%emt 0:00:16]} 5. Bf4 {[%emt 0:00:39]} O-O {[%emt 0:00:29]} 6. Qd2 {[%emt 0:00:09]} Nbd7 {[%emt 0:00:34]} 7. O-O-O {[%emt 0:00:40]} a6 {[%emt 0:01:22]} 8. h4 {[%emt 0:00:31]} h5 {[%emt 0:09:56]} 9. e5 {[%emt 0:09:18]} Nh7 {[%emt 0:00:00]} 10. Rg1 {[%emt 0:08:19]} Nb6 {[%emt 0:00:00]} 11. Be2 {[%emt 0:03:01]} dxe5 {[%emt 0:00:00]} 12. Nxe5 {[%emt 0:00:51]} Bxe5 {[%emt 0:00:00]} 13. Bxe5 {[%emt 0:00:17]} Nf6 {[%emt 0:00:00]} 14. Qh6 {[%emt 0:00:51]} Bd7 {[%emt 0:02:10]} 15. g4 {[%emt 0:04:20]} hxg4 {[%emt 0:00:45]} 16. Bxg4 {[%emt 0:00:53]} Bxg4 {[%emt 0:00:07]} 17. Rxg4 {[%emt 0:00:01]} Qd7 {[%emt 0:00:23]} 18. Rdg1 {[%emt 0:01:11]} Qf5 {[%emt 0:00:23]} 19. Rg5 {[%emt 0:00:15]} 1-0

[Event "Croatian junior league 2021"]
[Site "Rabac"]
[Date "2021.04.10"]
[Round "10.21"]
[White "Cotic, Borna"]
[Black "Kovac, Petar"]
[Result "1-0"]
[WhiteElo "2120"]
[BlackElo "2089"]
[Annotator "TA"]
[PlyCount "97"]
[EventDate "2021.04.06"]
[EventType "swiss"]
[EventCountry "CRO"]
[SourceTitle "playchess.com"]
[Source "ChessBase"]
[SourceQuality "1"]

{[%evp 22,97,29,22,49,0,32,29,67,63,54,25,20,21,139,154,200,191,220,175,189,177,202,150,161,161,163,155,205,171,244,237,239,245,293,288,272,247,352,353,363,333,404,402,471,478,561,552,562,543,589,412,570,563,558,518,1150,1147,1133,1081,1056,1037,1010,990,1218,1190,1177,1160,1046,1031,5589,2054,2638,2664,29976,29975,29973,29969]} 1. e4 e6 2. d4 d5 3. Nd2 c5 4. exd5 Qxd5 5. Ngf3 cxd4 6. Bc4 Qd7 7. O-O Nc6 8. Nb3 Nf6 9. Nbxd4 Nxd4 10. Nxd4 Qc7 11. Qe2 a6 12. Re1 (12. Bg5 {keeps more tension.} Be7 13. Rfe1 O-O 14. Rad1 b5 15. Bb3) 12... Bd6 {C07: French Tarrasch: 3...c5, 4 Ngf3 and 4 exd5 Qxd5.} 13. h3 Bd7 14. Bg5 {[%cal Rc4e6] aiming for Bxe6!} O-O-O {White has an edge.} 15. Rad1 h6 {[#]} 16. Bxf6 $146 ({Predecessor:} 16. Bd2 Kb8 17. Bd3 Nd5 18. Qf3 Nf4 19. Be4 g5 20. Re3 f5 21. Bxb7 Qxb7 22. Rb3 {1-0 (47) Vyskocil,N (2325)-Matras,O (2264) Tatranska Lomnica 2017}) 16... gxf6 17. Bxa6 $1 Bb4 {[#]} (17... bxa6 $2 18. Qxa6+ Qb7 19. Qxd6 $18) (17... Bh2+ $11 {keeps the balance.} 18. Kh1 Be5) 18. c3 $1 $16 Bd6 (18... Bc5 19. Bb5) 19. Bb5 Qb6 20. Qc4+ Kb8 21. Bxd7 Rxd7 22. Qb5 Qc7 23. Qe2 Rhd8 24. Nb5 Qb6 25. a4 ({Don't take} 25. Nxd6 $6 Rxd6 26. a4 Qc5 $16) 25... Bc5 (25... Qc5 {was necessary.} 26. Qf3 (26. Nxd6 Rxd6 27. Rxd6 Qxd6 $16) 26... Be5 27. Rxd7 Rxd7) 26. Rxd7 $18 Rxd7 27. b4 Be7 28. Rd1 Rxd1+ 29. Qxd1 Qc6 (29... Qd8 $142 30. Qc1 Kc8 31. Na7+ (31. Qxh6 Qd1+ 32. Kh2 Qxa4 $18) 31... Kb8) 30. Qd3 e5 31. Kh2 b6 32. Qh7 Qd5 33. Qxh6 Qc4 34. Qe3 Kb7 35. Qf3+ Kb8 36. Qg4 Qd5 37. Qf5 Qc4 38. g3 {[#] Hoping for Qd7.} Qf1 (38... Qe6 $142 39. Qh7 f5) 39. h4 Qe2 40. h5 Qd2 41. Kg2 Qd5+ 42. Qf3 Qd7 43. h6 f5 44. h7 Bf6 45. c4 f4 46. Qd5 (46. c5 $142 Qf5 47. c6 Qc8 48. Qd5 Bg7 49. Qd7 f3+ 50. Kh2 Qxd7 51. cxd7) 46... Qxd5+ 47. cxd5 fxg3 48. Kxg3 Bh8 49. a5 {Weighted Error Value: White=0.16/Black=0.50} 1-0

[Event "Croatian junior league 2021"]
[Site "Rabac"]
[Date "2021.04.10"]
[Round "10.22"]
[White "Stjepic, Borna"]
[Black "Baric, Marko"]
[Result "0-1"]
[WhiteElo "1825"]
[BlackElo "1936"]
[Annotator "TA"]
[PlyCount "108"]
[EventDate "2021.04.06"]
[EventType "swiss"]
[EventCountry "CRO"]
[SourceTitle "playchess.com"]
[Source "ChessBase"]
[SourceQuality "1"]

{[%evp 9,108,7,11,16,12,0,0,0,0,0,33,23,28,6,20,0,20,10,36,-4,-9,0,0,-44,0,-145,-77,-101,-93,-85,-67,-249,-94,-81,-91,-97,-78,-114,-124,-112,-100,-207,-121,-114,-105,-105,-110,-109,-73,-87,-57,-64,-52,-64,0,-88,-93,-98,-91,-100,-92,-91,-77,-105,-81,-161,-134,-122,-111,-200,-176,-192,-188,-332,-315,-399,-366,-370,-301,-305,-297,-418,-417,-1379,-1245,-1477,-376,-669,-660,-411,-192,-200,-185,-182,-166,-29984,-29985,-29993,-29989,-29989,-29990]} 1. e4 c5 2. Nc3 Nc6 3. Bb5 Nd4 4. Nf3 Nxb5 5. Nxb5 d6 6. O-O {B23: Closed Sicilian: Lines without g3.} Nf6 7. d4 a6 8. Nc3 {The position is equal.} cxd4 9. Nxd4 g6 10. Bg5 Bg7 {[#]} 11. Qd2 $146 ({Predecessor:} 11. Re1 O-O 12. Qd2 Re8 13. Nd5 Bd7 14. Nxf6+ exf6 15. Bh6 Bc6 16. Bxg7 Kxg7 17. Qf4 {1-0 (67) Safarli,E (2598)-Zhao,E (2039) Chess.com INT 2021}) 11... h6 12. Bh4 g5 13. Bg3 Qb6 14. Nf5 Bxf5 15. exf5 O-O 16. Rfe1 Rfe8 17. Kh1 (17. h4 $11) 17... Rac8 (17... Qxb2 $142 18. Rab1 Qa3 19. Rxb7 Rac8) 18. Rab1 $17 Qc5 19. Qd3 Kf8 20. Ne4 $2 (20. Re2 $15) 20... Qxf5 $2 (20... Qxc2 $19 21. Qxc2 Rxc2) 21. Nxf6 Qxf6 22. c3 Rc5 23. Re3 Qf5 24. Qf1 Be5 25. f4 (25. Kg1 $17) 25... gxf4 (25... Bxf4 $19 26. Bxf4 Qxf4 27. Qxf4 gxf4) 26. Rf3 {[%cal Rg3f4]} Qg6 27. Bxf4 Bxf4 28. Rxf4 Rg5 29. Re1 Rg4 (29... Re5 {is interesting.} 30. Rc1 b5 31. Qf3 f6 32. Rf1 h5) 30. Rf3 Kg7 31. Qf2 e6 ({Better is} 31... b5 $15) 32. g3 (32. h3 $11 {keeps the balance.} Rg5 33. Rf1) 32... Re7 33. Kg2 h5 34. h3 Rc4 35. b3 Re4 36. Rd1 d5 37. Kh2 (37. c4 $17) 37... Qg5 38. Rf1 {[%cal Rf3f7]} f5 39. a4 (39. c4 $17 {was worth a try.}) 39... Kg6 40. Rf4 Qf6 41. Qf3 (41. Qc5 {might work better.}) 41... Qe5 42. Rxe4 dxe4 $19 {[%mdl 4096] Endgame KQR-KQR} (42... Qxe4 $2 43. Qd1 $19) 43. Qe3 Rd7 44. h4 {If only White now had time for Qg5+....} Qf6 45. Qb6 (45. b4 {was called for.}) 45... Kf7 46. Qb4 (46. Qe3 $142 Rd3 {[%mdl 64] Double Attack} 47. Qb6) 46... Qe5 47. Rf2 Kg8 $2 (47... e3 48. Re2 b5) 48. Rg2 (48. Re2) 48... e3 49. Qc4 {[#] Qc8+ is the strong threat.} Rc7 (49... Kh7 $142 {And now ...Rd2 would win.} 50. Qe2 Kg6) 50. Qd3 Rg7 ({Resist} 50... Rxc3 51. Qd8+ Kh7 52. Qe7+ Kg6 53. Qe8+ Kh6 54. Qe7 $15) ({But not} 50... Qxc3 51. Qd1 $17) 51. Qd8+ Kh7 {White must now prevent ...e2.} 52. Qe8 $2 {[#]} (52. Qd4 $19 Qxd4 53. cxd4) 52... f4 {Black mates.} 53. Re2 fxg3+ 54. Kg1 Qf5 {Weighted Error Value: White=0.65/Black=0.35} 0-1

[Event "Croatian junior league 2021"]
[Site "Rabac"]
[Date "2021.04.10"]
[Round "10.23"]
[White "Denic, Marin"]
[Black "Vukojevic, Toni"]
[Result "1-0"]
[WhiteElo "1914"]
[BlackElo "1538"]
[Annotator "NA"]
[PlyCount "41"]
[EventDate "2021.04.06"]
[EventType "swiss"]
[EventCountry "CRO"]
[SourceTitle "playchess.com"]
[Source "ChessBase"]
[SourceQuality "1"]
[TimeControl "5400+30"]

1. e4 {[%emt 0:02:24]} e5 {[%emt 0:00:00]} 2. Nf3 {[%emt 0:00:04]} Nc6 {[%emt 0:00:00]} 3. Bc4 {[%emt 0:00:20]} Bc5 {[%emt 0:00:00]} 4. c3 {[%emt 0:00:06]} Nf6 {[%emt 0:00:00]} 5. d3 {[%emt 0:00:04]} h6 {[%emt 0:00:05]} 6. O-O {[%emt 0:00:15]} O-O {[%emt 0:01:12]} 7. Nbd2 {[%emt 0:01:03]} d6 {[%emt 0:00:26]} 8. Re1 {[%emt 0:00:25]} Re8 {[%emt 0:01:13]} 9. Nf1 {[%emt 0:00:34]} Bg4 {[%emt 0:01:02]} 10. Ng3 {[%emt 0:01:34]} Ne7 {[%emt 0:03:44]} 11. h3 {[%emt 0:01:23]} Bxf3 {[%emt 0:00:36]} 12. Qxf3 {[%emt 0:00:04]} Ng6 {[%emt 0:00:41]} 13. Nf5 {[%emt 0:01:21]} Ne7 {[%emt 0:01:28]} 14. Nxh6+ {[%emt 0:00:55]} gxh6 {[%emt 0:01:56]} 15. Qxf6 {[%emt 0:00:09]} d5 {[%emt 0:09:45]} 16. Bxh6 {[%emt 0:05:06]} Nf5 {[%emt 0:00:12]} 17. Qxf5 {[%emt 0:00:11]} Re6 {[%emt 0:06:16]} 18. Bg5 {[%emt 0:01:06]} Qe8 {[%emt 0:05:48]} 19. Bxd5 {[%emt 0:00:22]} Rb6 {[%emt 0:00:09]} 20. Bf6 {[%emt 0:01:13]} Bf8 {[%emt 0:03:56]} 21. Qg6+ {[%emt 0:00:13]} 1-0

[Event "Croatian junior league 2021"]
[Site "Rabac"]
[Date "2021.04.11"]
[Round "11.1"]
[White "Begic, Domagoj"]
[Black "Mahecic, Lovre"]
[Result "1-0"]
[WhiteElo "1706"]
[BlackElo "1958"]
[Annotator "TA"]
[PlyCount "107"]
[EventDate "2021.04.06"]
[EventType "swiss"]
[EventCountry "CRO"]
[SourceTitle "playchess.com"]
[Source "ChessBase"]
[SourceQuality "1"]

{[%evp 9,107,2,7,-11,-11,-11,-5,-16,-18,-29,-6,-20,0,-10,-4,-8,0,-5,-2,-20,-12,-12,-12,-12,-10,-6,57,54,72,25,24,13,14,9,15,19,20,21,17,2,2,0,20,0,108,82,109,43,47,48,42,0,93,89,81,98,149,8,722,709,715,715,621,800,808,589,819,696,852,890,826,834,944,806,1310,1598,29974,29977,29976,29977,29985,29986,29991,29991,29991,29992,29995,29990,29990,29988,29990,29989,29989,29986,29986,29987,29997,29994,29998,29999]} 1. d4 Nf6 2. e3 c5 3. c3 cxd4 4. cxd4 d5 5. Bd3 Nc6 6. Nf3 {A45: Trompowsky Attack.} Bg4 7. a3 e6 8. Nbd2 {The position is equal.} Bd6 9. O-O Qc7 10. h3 Bh5 11. b4 O-O 12. Bb2 {[#]} a6 $146 ({Predecessor:} 12... Rac8 13. Rc1 Qb8 14. Qe2 a6 15. e4 dxe4 16. Nxe4 Nxe4 17. Bxe4 Ne7 18. Rc5 Bxc5 19. dxc5 {½-½ (52) Dimakiling,O (2441)-Bhakti,K (2275) Hanoi 2018}) 13. Rc1 Rfc8 14. Qc2 Bg6 15. Bxg6 hxg6 16. Qd3 Qd7 17. Ne5 Bxe5 (17... Qe8 $11) 18. dxe5 $14 Nh7 19. f4 Nf8 20. Nf3 Ne7 21. g4 Rxc1 22. Rxc1 Rc8 23. Rxc8 Qxc8 24. Kf2 Nd7 25. Bd4 Qc6 26. h4 Nb6 (26... Qc4 $11 {keeps the balance.} 27. Qxc4 dxc4) 27. Bc5 $16 Qc7 28. Bxe7 (28. Ng5 $16) 28... Qxe7 $14 29. h5 gxh5 30. gxh5 (30. Ng5 $5 {[%cal Rd3h7]} Kf8 31. Qh7 $14) 30... Nc4 {[#]} (30... Qc7 $11) 31. Ng5 $1 $16 f5 32. exf6 Qxf6 {[#]} 33. Kg3 (33. Qh7+ $1 $16 Kf8 34. Qh8+ Ke7 35. Qb8) 33... Qf5 $2 {[%mdl 8192] This costs Black the game.} (33... Nd6 $11) 34. e4 $18 Ne5 35. exf5 Nxd3 36. fxe6 {[%mdl 4096] Endgame Threatening mate with e7. KN-KN} Kf8 37. f5 Ke7 38. Nf7 Nb2 39. Kf4 Nc4 40. a4 {[%cal Ba3a4,Ba4a5][%mdl 32]} b6 41. Ne5 Nd6 42. Kg5 b5 43. Nc6+ {White mates.} Kf8 44. a5 Ne8 45. Kg6 Nd6 46. h6 {[%mdl 64] Overworked Piece} gxh6 47. f6 d4 48. Nxd4 h5 49. Kxh5 Nc4 50. Kg6 Ne5+ 51. Kf5 Nc4 52. Nc6 Ke8 53. f7+ Kf8 54. Kf6 {[%csl Gc6,Gf6][%cal Re6e7] Weighted Error Value: White=0.22/Black=0.33} 1-0